000 00719nam a2200205 i 4500
001 C2-0200189
003 PPAK
005 20180728100526.0
008 990206s1981 io a|||| ||||| | may d
040 _aPPAK
_beng
_cPPAK
_erda
082 0 4 _a959.8
_2 23
090 0 0 _a959.8
_bSEJ
_dKIH
245 0 0 _aSejarah perlawanan terhadap imperialisme dan kolonialisme di Riau
264 1 _a[Jakarta] :
_bDepartemen Pendidikan dan Kebudayaan Direktorat Sejarah dan nNilai Tradisional Proyek Inventarisasi dan Dokumentasi Sejarah Nasional ,
_c1981/1982
300 _axi, 111 pages :
_billustrations ;
_c22 cm
336 _2rdacontent
_atext
337 _2rdamedia
_aunmediated
338 _2rdacarrier
_avolume
942 _ddc
_cB
999 _c156888
_d156888